| 000 | 00000nam##2200000za#4500 |
| 001 | 9.698444 |
| 003 | CaOODSP |
| 005 | 20210920121027 |
| 007 | cr ||||||||||| |
| 008 | 150407|2000||||xxc|||||o f|0| 0 eng|d |
| 040 | |aCaOODSP|beng |
| 043 | |an-cn--- |
| 086 | 1 |aC21-22/33-1-2000E-PDF |
| 110 | 1 |aCanada. |bService Industries and Capital Projects. |
| 245 | 10|aLogistics and supply chain management : |h[electronic resource]|boverview and prospects |
| 246 | 1 |iVariant title : |aSector competitiveness frameworks |
| 260 | |aOttawa - Ontario : |bIndustry Canada. |c2000. |
| 300 | |a65p.|bfigs., graphs, tables |
| 500 | |a"This overview ... is part of the Sector Competitiveness Frameworks series."--p.2 of 65. The catalogue number (C21-22/33-1-2000) and ISBN (0-662-64928-1) for the bilingual print edition have been incorrectly copied in this electronic publication. |
| 504 | |aBibliography. |
| 590 | |a13-22-Supp|b2013-09-26 |
| 690 | 07|aLogistics|2gcpds |
| 690 | 07|aSupply chain management|2gcpds |
| 775 | 08|tLa logistique et la gestion de la chaîne d'approvisionnement : |w(CaOODSP)9.642451 |
| 856 | 40|ahttp://publications.gc.ca|qPDF|s264 KB|uhttps://publications.gc.ca/collections/Collection/C21-22-33-1-2000E.pdf |